Loading...

Pollution control and conservation

Bibliografiske detaljer
Hovedforfatter: Kovacs, M, Ed
Format: Printed Book
Udgivet: Ellis Horwood, New York 1985
Fag:
LEADER 00536nam a2200193 4500
020
082 |a 577.27 KOV-P 
100 |a Kovacs, M, Ed. 
245 |a Pollution control and conservation 
250
260 |a Ellis Horwood, New York  |c 1985 
300
490
500
590 |a PJ 
650 |a Environmental pollution-- Effects of humans-- pollution on ecology 
942 |c BK 
999 |c 90659  |d 90659 
952 |0 0  |1 0  |4 0  |6 577_270000000000000_KOVP  |7 0  |9 104127  |a ZGY  |b ZGY  |l 0  |o 577.27 KOV-P  |p ZGY03196  |r 2019-09-25  |w 2019-09-25  |y BK